|
|
|
|
| LEADER |
02040nam a2200481 i 4500 |
| 001 |
nkc20142632015 |
| 003 |
CZ PrNK |
| 005 |
20160122085449.0 |
| 007 |
ta |
| 008 |
141009s2014 xr abcff 001 0 cze |
| 015 |
|
|
|a cnb002632015
|
| 020 |
|
|
|a 978-80-7275-098-6
|q (Muzejní a vlastivědná společnost, Brno :
|q váz.)
|
| 035 |
|
|
|a (OCoLC)897869953
|
| 040 |
|
|
|a ABA001
|b cze
|
| 041 |
0 |
|
|a cze
|b eng
|
| 043 |
|
|
|a e-xr---
|b e-xr-zl
|2 czenas
|
| 072 |
|
7 |
|a 94(437)
|x Dějiny Česka a Slovenska
|2 Konspekt
|9 8
|
| 080 |
|
|
|a 94(437.323)
|2 MRF
|
| 080 |
|
|
|a (048.8:082)
|2 MRF
|
| 245 |
0 |
0 |
|a Hulín :
|b město na křižovatkách /
|c [zpracoval autorský kolektiv Oldřich Fiala ... et al.]
|
| 246 |
1 |
|
|i Název v tiráži:
|a Hulín - město na křižovatkách
|
| 246 |
3 |
0 |
|a Město na křižovatkách
|
| 250 |
|
|
|a Vyd. 1.
|
| 260 |
|
|
|a V Brně :
|b Muzejní a vlastivědná společnost pro Město Hulín,
|c 2014
|
| 300 |
|
|
|a 391 s., [24] s. obr. příl. :
|b il. (některé barev.), mapy, portréty, plány, faksim. ;
|c 30 cm
|
| 490 |
1 |
|
|a Vlastivědná knihovna moravská ;
|v sv. 99
|
| 500 |
|
|
|a Pub. vychází k 790. výročí 1. písemné zprávy o Hulíně (1224)
|
| 500 |
|
|
|a 1500 výt.
|
| 504 |
|
|
|a Obsahuje bibliografii, bibliografické odkazy a rejstříky
|
| 546 |
|
|
|a Anglické resumé
|
| 655 |
|
7 |
|a kolektivní monografie
|7 fd501537
|2 czenas
|
| 655 |
|
9 |
|a collective monographs
|2 eczenas
|
| 651 |
|
7 |
|a Hulín (Kroměříž, Česko)
|7 ge129359
|x dějiny
|2 czenas
|
| 651 |
|
9 |
|a Hulín (Kroměříž, Czechia)
|x history
|2 eczenas
|
| 700 |
1 |
|
|a Fiala, Oldřich,
|d 1945-
|7 jn19981001085
|4 aut
|
| 710 |
1 |
|
|a Hulín (Kroměříž, Česko)
|7 ge129359
|
| 830 |
|
0 |
|a Vlastivědná knihovna moravská
|0 s
|
| 910 |
2 |
|
|a BOA001
|b 4-1336.041
|
| 990 |
|
|
|a BK
|
| 995 |
|
|
|a 01
|
| 991 |
|
|
|b 201411
|c NOV
|j 94(437.32) HUL
|e n
|
| 996 |
6 |
|
|b 2610612336
|c 4-1336.041
|l MZK
|r Sklad / do 1 hodiny
|n 10
|p p.v.
|w 001472421
|u 000010
|a 1
|e BOA001
|j MZK50
|s P
|
| 996 |
7 |
|
|b 2610612337
|c 4-1336.041
|l MZK
|r Sklad / do 1 hodiny
|n 3
|p p.v.
|w 001472421
|u 000020
|a 1
|e BOA001
|j MZK50
|s A
|